Norwegian Football Logo Quiz - Statistics

General Stats
  • This quiz has been taken 69 times
  • The average score is 13 of 16
Answer Stats
Picture Answer % Correct
Viking FK
100%
SK Brann
90%
Bodo/Glimt
88%
Molde
88%
Bryne
86%
Haugesund
86%
Rosenborg
83%
Sandefjord
81%
Tromso
79%
Hamarkameratene
76%
KFUM Oslo
74%
Valerenga
71%
Fredrikstad
69%
Kristiansund BK
69%
Stromsgodset
64%
Sarpsborg 08
57%
No matching quizzes found
Score Distribution
Percent of People with Each Score
Percentile by Number Answered
Your Score History
You have not taken this quiz